[Event "English Open Championship"]
[Site "Kenilworth"]
[Date "2023.05.26"]
[Round "1.22"]
[White "Bradbury, Neil H"]
[Black "Green, Michael"]
[Result "1/2-1/2"]
[WhiteElo "2215"]
[BlackElo "1917"]
[PlyCount "53"]
[EventDate "2023.05.26"]
[EventType "swiss"]
[EventRounds "7"]
[EventCountry "ENG"]
[SourceTitle "BritBase"]
[Source "John Saunders"]
[SourceDate "2023.05.30"]
[SourceVersion "1"]
[SourceVersionDate "2023.05.30"]
[SourceQuality "1"]

1. d4 Nf6 2. c4 c5 3. d5 e6 4. Nc3 exd5 5. cxd5 d6 6. e4 g6 7. Nf3 a6 8. a4 Bg4
9. Be2 Bxf3 10. Bxf3 Nbd7 11. Bf4 Qe7 12. O-O Bg7 13. Re1 O-O 14. h3 Rab8 15.
Be2 Ne8 16. Bf1 Nc7 17. Qd2 Rfe8 18. Bg3 g5 19. f3 Ne5 20. Nd1 b5 21. Ne3 bxa4
22. Nf5 Qf6 23. Bxe5 Qxe5 24. Qxg5 Rb6 25. Rxa4 Qf6 26. Qg3 Qg6 27. Qh4 1/2-1/2

[Event "English Open Championship"]
[Site "Kenilworth"]
[Date "2023.05.26"]
[Round "1.23"]
[White "Wilkinson, Daniel"]
[Black "Finn, Peter"]
[Result "0-1"]
[WhiteElo "1994"]
[BlackElo "2127"]
[PlyCount "72"]
[EventDate "2023.05.26"]
[EventType "swiss"]
[EventRounds "7"]
[EventCountry "ENG"]
[SourceTitle "BritBase"]
[Source "John Saunders"]
[SourceDate "2023.05.30"]
[SourceVersion "1"]
[SourceVersionDate "2023.05.30"]
[SourceQuality "1"]

1. d4 Nf6 2. c4 e6 3. Nf3 d5 4. g3 Be7 5. Bg2 O-O 6. O-O dxc4 7. Na3 Bxa3 8.
bxa3 Bd7 9. a4 Bc6 10. Ba3 Re8 11. Rc1 Bd5 12. Ne5 Bxg2 13. Kxg2 Nc6 14. Nxc6
Qd5+ 15. Kg1 Qxc6 16. Qc2 e5 17. Rfd1 Rad8 18. Bb2 e4 19. Qxc4 Qxc4 20. Rxc4
Nd5 21. e3 Re6 22. Rb1 Rb6 23. a3 Rdd6 24. Rc5 f5 25. h4 Kf7 26. Kf1 Ke6 27.
Ke2 Rb3 28. Rb5 Rb6 29. Rxb3 Rxb3 30. Kd2 Nc3 31. Rf1 Nxa4 32. d5+ Kxd5 33.
Bxg7 Rxa3 34. f3 Ra2+ 35. Kc1 b5 36. fxe4+ fxe4 0-1

[Event "English Open Championship"]
[Site "Kenilworth"]
[Date "2023.05.26"]
[Round "1.24"]
[White "Boswell, Jacob Connor"]
[Black "Turner, Lewis A"]
[Result "1-0"]
[WhiteElo "2119"]
[BlackElo "1807"]
[PlyCount "67"]
[EventDate "2023.05.26"]
[EventType "swiss"]
[EventRounds "7"]
[EventCountry "ENG"]
[SourceTitle "BritBase"]
[Source "John Saunders"]
[SourceDate "2023.05.30"]
[SourceVersion "1"]
[SourceVersionDate "2023.05.30"]
[SourceQuality "1"]

1. e4 c5 2. Nf3 d6 3. Bb5+ Bd7 4. Bxd7+ Qxd7 5. O-O Nc6 6. c3 d5 7. e5 e6 8. d4
Nge7 9. Be3 Nf5 10. Qd3 cxd4 11. cxd4 Nb4 12. Qe2 Rc8 13. Nc3 Be7 14. Bf4 h6
15. Rad1 a6 16. Kh1 b5 17. g4 Nh4 18. Nxh4 Bxh4 19. Be3 Nc6 20. a3 Bd8 21. f4
Ne7 22. f5 exf5 23. Qf3 g6 24. Rc1 Kf8 25. Rf2 Rh7 26. Rcf1 Ba5 27. gxf5 gxf5
28. Ne2 Ng6 29. Ng3 f4 30. Bxf4 Nxf4 31. Qxf4 Qe6 32. Nf5 Bd8 33. Qg4 h5 34.
Qg2 1-0

[Event "English Open Championship"]
[Site "Kenilworth"]
[Date "2023.05.26"]
[Round "1.25"]
[White "Brown, Tom"]
[Black "Shearsby, Jude"]
[Result "1-0"]
[WhiteElo "1959"]
[BlackElo "2102"]
[PlyCount "93"]
[EventDate "2023.05.26"]
[EventType "swiss"]
[EventRounds "7"]
[EventCountry "ENG"]
[SourceTitle "BritBase"]
[Source "John Saunders"]
[SourceDate "2023.05.30"]
[SourceVersion "1"]
[SourceVersionDate "2023.05.30"]
[SourceQuality "1"]

1. d4 Nf6 2. Nf3 g6 3. Nbd2 Bg7 4. e4 O-O 5. Bd3 d6 6. O-O Nc6 7. c3 e5 8. Re1
a5 9. a4 exd4 10. Nxd4 Nxd4 11. cxd4 b6 12. Nf3 Bb7 13. Bg5 h6 14. Bh4 g5 15.
Bg3 Nh5 16. Rc1 Nxg3 17. hxg3 Rc8 18. Bb1 g4 19. Nh4 Qg5 20. Qd3 Rfe8 21. Rc2
c5 22. Nf5 Qxf5 23. exf5 Rxe1+ 24. Kh2 Rxb1 25. Re2 Rc1 26. Re7 cxd4 27. Rxb7
Re8 28. Qb3 Rf8 29. Rxb6 Be5 30. Rb8 Rxb8 31. Qxb8+ Kg7 32. Qa8 Rc5 33. Qe4 h5
34. f3 Rc4 35. fxg4 h4 36. g5 hxg3+ 37. Kh3 Rc8 38. f6+ Kf8 39. Qh7 Ke8 40.
Qg8+ Kd7 41. Qxf7+ Kc6 42. g6 d3 43. Qc4+ Kd7 44. Qxc8+ Kxc8 45. g7 d2 46.
g8=Q+ Kd7 47. Qg4+ 1-0

[Event "English Open Championship"]
[Site "Kenilworth"]
[Date "2023.05.26"]
[Round "1.26"]
[White "Southcott-Moyers, Indy"]
[Black "Gordon, Sean"]
[Result "1-0"]
[WhiteElo "2040"]
[BlackElo "1791"]
[PlyCount "63"]
[EventDate "2023.05.26"]
[EventType "swiss"]
[EventRounds "7"]
[EventCountry "ENG"]
[SourceTitle "BritBase"]
[Source "John Saunders"]
[SourceDate "2023.05.30"]
[SourceVersion "1"]
[SourceVersionDate "2023.05.30"]
[SourceQuality "1"]

1. d4 d5 2. c4 c6 3. Nf3 Nf6 4. e3 Bf5 5. Nc3 e6 6. Nh4 Bg6 7. Nxg6 hxg6 8. Bd2
Nbd7 9. Qc2 a6 10. c5 e5 11. Be2 Qc7 12. g3 Be7 13. a3 a5 14. f4 e4 15. Na4 Nh5
16. O-O-O b5 17. cxb6 Nxb6 18. Nc5 O-O 19. Kb1 Nf6 20. Rc1 Rfc8 21. h4 Nbd7 22.
Bc3 Nh5 23. Be1 Nxc5 24. dxc5 Nf6 25. Bc3 Qd7 26. Bd4 Ng4 27. h5 Rcb8 28. hxg6
fxg6 29. Qc3 Bf6 30. Bxg4 Bxd4 31. Bxd7 Bxc3 32. Rxc3 1-0

[Event "English Open Championship"]
[Site "Kenilworth"]
[Date "2023.05.26"]
[Round "1.27"]
[White "Miller, George I"]
[Black "Hobson, Kenneth"]
[Result "0-1"]
[WhiteElo "1849"]
[BlackElo "2104"]
[PlyCount "44"]
[EventDate "2023.05.26"]
[EventType "swiss"]
[EventRounds "7"]
[EventCountry "ENG"]
[SourceTitle "BritBase"]
[Source "John Saunders"]
[SourceDate "2023.05.30"]
[SourceVersion "1"]
[SourceVersionDate "2023.05.30"]
[SourceQuality "1"]

1. e4 e5 2. d4 exd4 3. Bc4 Nc6 4. Nf3 Nf6 5. O-O Nxe4 6. Re1 d5 7. Bxd5 Qxd5 8.
Nc3 Qh5 9. Nxe4 Be6 10. Bg5 Bd6 11. Bf6 Bxh2+ 12. Nxh2 Qxd1 13. Raxd1 gxf6 14.
Nxf6+ Ke7 15. Nh5 Rad8 16. f4 Kd7 17. Ng7 Bd5 18. Nf5 Kc8 19. Nxd4 Bxg2 20.
Kxg2 Nxd4 21. Re7 Rhf8 22. c3 Ne6 0-1

[Event "English Open Championship"]
[Site "Kenilworth"]
[Date "2023.05.26"]
[Round "1.28"]
[White "Badacsonyi, Frankie"]
[Black "De Coverly, Roger D"]
[Result "0-1"]
[WhiteElo "1974"]
[BlackElo "1945"]
[PlyCount "114"]
[EventDate "2023.05.26"]
[EventType "swiss"]
[EventRounds "7"]
[EventCountry "ENG"]
[SourceTitle "BritBase"]
[Source "John Saunders"]
[SourceDate "2023.05.30"]
[SourceVersion "1"]
[SourceVersionDate "2023.05.30"]
[SourceQuality "1"]

1. d4 Nf6 2. c4 g6 3. Nc3 Bg7 4. e4 d6 5. h3 O-O 6. Be3 e5 7. d5 a5 8. g4 Na6
9. Nge2 Nc5 10. Ng3 c6 11. Qd2 cxd5 12. cxd5 a4 13. f3 Qa5 14. h4 Bd7 15. h5 a3
16. b3 Rfc8 17. Nd1 Qxd2+ 18. Kxd2 Ne8 19. hxg6 hxg6 20. Nf2 b6 21. Be2 Nc7 22.
Rhc1 Nb5 23. Bxb5 Bxb5 24. Rc3 Bd7 25. Rac1 f5 26. gxf5 gxf5 27. Nh5 Bh8 28.
Rg1+ Kf7 29. Bxc5 bxc5 30. exf5 Bxf5 31. Ne4 Ke7 32. Nhg3 Bg6 33. Nf1 Rg8 34.
Ne3 Bf6 35. Nxf6 Kxf6 36. Rc4 Bh5 37. Rf1 Rge8 38. Rh4 Bg6 39. Rg1 Rh8 40. Rgh1
Rxh4 41. Rxh4 Bb1 42. Rh6+ Kg5 43. Rxd6 Bxa2 44. Nc2 Bxb3 45. Na1 c4 46. Kc3
Ra5 47. Rd8 Kf6 48. Rd6+ Kf5 49. Rd8 Ra6 50. Rf8+ Kg6 51. Rg8+ Kf7 52. Rg2 a2
53. Rg1 Ra5 54. d6 Ke6 55. Rg6+ Kd7 56. Rh6 Rd5 57. Rh1 Rd3+ 0-1

[Event "English Open Championship"]
[Site "Kenilworth"]
[Date "2023.05.26"]
[Round "1.29"]
[White "Gibson, Christopher A"]
[Black "Burrows, Martin P"]
[Result "0-1"]
[WhiteElo "1836"]
[BlackElo "2131"]
[PlyCount "88"]
[EventDate "2023.05.26"]
[EventType "swiss"]
[EventRounds "7"]
[EventCountry "ENG"]
[SourceTitle "BritBase"]
[Source "John Saunders"]
[SourceDate "2023.05.30"]
[SourceVersion "1"]
[SourceVersionDate "2023.05.30"]
[SourceQuality "1"]

1. e4 e6 2. d4 d5 3. Nc3 Bb4 4. e5 c5 5. a3 Bxc3+ 6. bxc3 Ne7 7. Qg4 O-O 8. Bd3
Nbc6 9. Nf3 f5 10. exf6 Rxf6 11. Bg5 e5 12. Qh4 e4 13. Bxf6 gxf6 14. Qxf6 exd3
15. O-O Qf8 16. Qxf8+ Kxf8 17. cxd3 cxd4 18. Nxd4 Nxd4 19. cxd4 Bf5 20. Rfd1
Nc6 21. Rab1 b6 22. f3 h5 23. h3 h4 24. Kf2 Ke7 25. Re1+ Kd6 26. Ke3 Rf8 27.
Rbd1 Bd7 28. Rg1 Re8+ 29. Kf2 Nxd4 30. Rde1 Rf8 31. Rb1 Nf5 32. Rb4 d4 33. Re1
b5 34. Re4 Kd5 35. Rb2 Rc8 36. Rbe2 Ng3 37. Rxh4 Nxe2 38. Rh5+ Kd6 39. Kxe2
Rc2+ 40. Kf1 Rd2 41. g4 Rxd3 42. Rh6+ Ke5 43. Ra6 Rxf3+ 44. Kg2 Rf7 0-1

[Event "English Open Championship"]
[Site "Kenilworth"]
[Date "2023.05.26"]
[Round "1.30"]
[White "Payne, Matthew J"]
[Black "Vaidyanathan, Adithya"]
[Result "1-0"]
[WhiteElo "2153"]
[BlackElo "1478"]
[PlyCount "91"]
[EventDate "2023.05.26"]
[EventType "swiss"]
[EventRounds "7"]
[EventCountry "ENG"]
[SourceTitle "BritBase"]
[Source "John Saunders"]
[SourceDate "2023.05.30"]
[SourceVersion "1"]
[SourceVersionDate "2023.05.30"]
[SourceQuality "1"]

1. e4 c5 2. Nc3 e6 3. Nf3 d5 4. exd5 exd5 5. Bb5+ Nc6 6. d4 Nf6 7. Bg5 Be7 8.
dxc5 O-O 9. O-O d4 10. Bxf6 Bxf6 11. Ne4 Bg4 12. Bxc6 bxc6 13. Nxf6+ Qxf6 14.
Qxd4 Qf5 15. Ne5 Be2 16. Rfe1 Rad8 17. Qc3 Qh5 18. Nxc6 Rde8 19. Nd4 Bg4 20. h3
Bc8 21. b4 Qd5 22. a4 Rd8 23. Rad1 Qg5 24. Nf3 Qg6 25. Ne5 Qh5 26. Rd6 Rfe8 27.
Nc6 Rxe1+ 28. Qxe1 Rf8 29. Qe7 g6 30. Rd8 Qh6 31. Qxf8+ Qxf8 32. Ne7+ Kg7 33.
Rxf8 Kxf8 34. Nxc8 a6 35. b5 axb5 36. axb5 Ke8 37. c6 Kd8 38. Nd6 f5 39. b6 h6
40. c7+ Kd7 41. c8=Q+ Kxd6 42. b7 Ke7 43. b8=Q Kf6 44. Qd6+ Kf7 45. Qcc7+ Ke8
46. Qdd8# 1-0

[Event "English Open Championship"]
[Site "Kenilworth"]
[Date "2023.05.26"]
[Round "2.2"]
[White "Haydon, David L"]
[Black "Ghasi, Ameet K"]
[Result "0-1"]
[WhiteElo "2253"]
[BlackElo "2496"]
[PlyCount "80"]
[EventDate "2023.05.26"]
[EventType "swiss"]
[EventRounds "7"]
[EventCountry "ENG"]
[SourceTitle "BritBase"]
[Source "John Saunders"]
[SourceDate "2023.05.30"]
[SourceVersion "1"]
[SourceVersionDate "2023.05.30"]
[SourceQuality "1"]

1. Nf3 Nf6 2. e3 g6 3. b3 Bg7 4. Bb2 O-O 5. Be2 d6 6. O-O e5 7. c4 Nbd7 8. d3
Re8 9. Nc3 c6 10. Ne4 Nxe4 11. dxe4 Nc5 12. Nd2 a5 13. a3 Be6 14. b4 Nd7 15.
Qc2 Qe7 16. Rac1 Rf8 17. Kh1 f5 18. exf5 Bxf5 19. Qd1 Kh8 20. Bc3 axb4 21. axb4
Nf6 22. Ra1 Rad8 23. b5 cxb5 24. cxb5 d5 25. Qb3 Rfe8 26. Ba5 Rc8 27. Rac1 d4
28. Bc4 Qd7 29. exd4 exd4 30. Rce1 Ng4 31. Rxe8+ Rxe8 32. Nf3 h6 33. h3 Ne5 34.
Nxe5 Rxe5 35. Re1 Rxe1+ 36. Bxe1 d3 37. Bd2 Be4 38. Kg1 Qd4 39. Be3 Qa1+ 40.
Kh2 Qf1 0-1

[Event "English Open Championship"]
[Site "Kenilworth"]
[Date "2023.05.26"]
[Round "2.3"]
[White "Harvey, Marcus R"]
[Black "Jones, Steven A"]
[Result "1-0"]
[WhiteElo "2462"]
[BlackElo "2174"]
[PlyCount "83"]
[EventDate "2023.05.26"]
[EventType "swiss"]
[EventRounds "7"]
[EventCountry "ENG"]
[SourceTitle "BritBase"]
[Source "John Saunders"]
[SourceDate "2023.05.30"]
[SourceVersion "1"]
[SourceVersionDate "2023.05.30"]
[SourceQuality "1"]

1. c4 e5 2. Nc3 Nf6 3. Nf3 Nc6 4. e3 d5 5. cxd5 Nxd5 6. Bb5 Nxc3 7. bxc3 Bd6 8.
d4 Bd7 9. Rb1 O-O 10. Nxe5 Bxe5 11. dxe5 Bf5 12. Qxd8 Rfxd8 13. Rb2 Nxe5 14. f3
Bd3 15. e4 Bxb5 16. Rxb5 Nd3+ 17. Ke2 Nxc1+ 18. Rxc1 b6 19. c4 Rd4 20. Rd5 Rd8
21. Ke3 c5 22. Rxd8+ Rxd8 23. Rc3 Kf8 24. Rd3 Ke7 25. Rxd8 Kxd8 26. e5 Kd7 27.
f4 a6 28. a4 Kc6 29. f5 f6 30. exf6 gxf6 31. g4 h6 32. h4 Kd6 33. Kf4 b5 34.
cxb5 axb5 35. axb5 Kd5 36. g5 hxg5+ 37. hxg5 fxg5+ 38. Kxg5 c4 39. Kf4 Kd4 40.
Kf3 Kc5 41. f6 Kxb5 42. Ke2 1-0

[Event "English Open Championship"]
[Site "Kenilworth"]
[Date "2023.05.26"]
[Round "2.4"]
[White "Ismail, Mohammed Aayan"]
[Black "Hebden, Mark L"]
[Result "0-1"]
[WhiteElo "2209"]
[BlackElo "2434"]
[PlyCount "50"]
[EventDate "2023.05.26"]
[EventType "swiss"]
[EventRounds "7"]
[EventCountry "ENG"]
[SourceTitle "BritBase"]
[Source "John Saunders"]
[SourceDate "2023.05.30"]
[SourceVersion "1"]
[SourceVersionDate "2023.05.30"]
[SourceQuality "1"]

1. d4 Nf6 2. Nf3 g6 3. e3 Bg7 4. b3 c5 5. Bb2 cxd4 6. exd4 O-O 7. Bd3 Nc6 8.
O-O d5 9. a3 Bg4 10. Nbd2 Rc8 11. Re1 Nd7 12. h3 Bxf3 13. Nxf3 Nc5 14. Bb5 Ne4
15. Bd3 f5 16. Qe2 e6 17. Rad1 Qb6 18. Qe3 a5 19. Bf1 a4 20. b4 Nd8 21. Rc1 Nf7
22. Nd2 Bh6 23. f4 Qd6 24. Nxe4 fxe4 25. g3 g5 0-1

[Event "English Open Championship"]
[Site "Kenilworth"]
[Date "2023.05.26"]
[Round "2.5"]
[White "Emms, John M"]
[Black "Boswell, Jacob Connor"]
[Result "1/2-1/2"]
[WhiteElo "2468"]
[BlackElo "2119"]
[PlyCount "45"]
[EventDate "2023.05.26"]
[EventType "swiss"]
[EventRounds "7"]
[EventCountry "ENG"]
[SourceTitle "BritBase"]
[Source "John Saunders"]
[SourceDate "2023.05.30"]
[SourceVersion "1"]
[SourceVersionDate "2023.05.30"]
[SourceQuality "1"]

1. e4 c5 2. Nf3 d6 3. d4 cxd4 4. Nxd4 Nf6 5. Nc3 Nc6 6. Bg5 e6 7. Qd2 a6 8.
O-O-O Bd7 9. f3 Be7 10. Kb1 b5 11. Nxc6 Bxc6 12. h4 h6 13. Be3 d5 14. exd5 Nxd5
15. Nxd5 Bxd5 16. h5 Bf6 17. Bd3 Qc7 18. Bf4 Qc5 19. Rhe1 Rd8 20. Be3 Qc7 21.
Bf4 Qc5 22. Be3 Qc7 23. Bf4 1/2-1/2

[Event "English Open Championship"]
[Site "Kenilworth"]
[Date "2023.05.26"]
[Round "2.6"]
[White "Finn, Peter"]
[Black "Willow, Jonah B"]
[Result "1/2-1/2"]
[WhiteElo "2127"]
[BlackElo "2450"]
[PlyCount "95"]
[EventDate "2023.05.26"]
[EventType "swiss"]
[EventRounds "7"]
[EventCountry "ENG"]
[SourceTitle "BritBase"]
[Source "John Saunders"]
[SourceDate "2023.05.30"]
[SourceVersion "1"]
[SourceVersionDate "2023.05.30"]
[SourceQuality "1"]

1. c4 e5 2. Nc3 Nc6 3. e3 d6 4. Nf3 g6 5. d4 Bg7 6. d5 Nb8 7. e4 Ne7 8. c5 dxc5
9. Be3 b6 10. Bb5+ Kf8 11. O-O Bb7 12. Nd2 c6 13. Bc4 cxd5 14. exd5 Nf5 15.
Nde4 Ba6 16. Bxa6 Nxa6 17. Qa4 Nc7 18. b4 Nxd5 19. Nxd5 Qxd5 20. bxc5 Nd4 21.
Nc3 Qxc5 22. Rac1 Kg8 23. Bxd4 Qxd4 24. Qc6 Qd8 25. Nd5 Bh6 26. Rcd1 Kg7 27.
Nc7 Qf6 28. Rd6 Qe7 29. Nxa8 Rxa8 30. Rd7 Qe8 31. Rfd1 Bg5 32. Qb7 Rb8 33. Qxa7
Rc8 34. g3 Rc1 35. Rxc1 Bxc1 36. Re7 Qf8 37. Qd7 Bb2 38. a4 Bd4 39. h4 Kf6 40.
g4 Kg7 41. g5 Bc5 42. Re8 Qd6 43. Qc8 Bxf2+ 44. Kxf2 Qd2+ 45. Kf1 Qd1+ 46. Kf2
Qd2+ 47. Kf1 Qd1+ 48. Kf2 1/2-1/2

[Event "English Open Championship"]
[Site "Kenilworth"]
[Date "2023.05.26"]
[Round "2.7"]
[White "Gormally, Daniel W"]
[Black "Southcott-Moyers, Indy"]
[Result "1/2-1/2"]
[WhiteElo "2434"]
[BlackElo "2040"]
[PlyCount "134"]
[EventDate "2023.05.26"]
[EventType "swiss"]
[EventRounds "7"]
[EventCountry "ENG"]
[SourceTitle "BritBase"]
[Source "John Saunders"]
[SourceDate "2023.05.30"]
[SourceVersion "1"]
[SourceVersionDate "2023.05.30"]
[SourceQuality "1"]

1. e4 e5 2. Nf3 Nc6 3. Bb5 Nf6 4. O-O Nxe4 5. d4 Nd6 6. Bxc6 dxc6 7. dxe5 Nf5
8. Qxd8+ Kxd8 9. Nc3 h5 10. Bg5+ Ke8 11. Rad1 Be6 12. b3 Bb4 13. Ne2 Bd5 14.
Nfd4 Nxd4 15. Rxd4 Bc5 16. Rd2 Be7 17. Be3 a6 18. Nd4 Be4 19. f3 Bg6 20. c3 Rd8
21. Rfd1 h4 22. Kf2 Rd5 23. c4 Rd8 24. Ne2 Rxd2 25. Rxd2 Bf5 26. Nd4 Bd7 27. f4
c5 28. Ne2 f6 29. exf6 gxf6 30. Nc3 b6 31. Nd5 Bd8 32. Kf3 c6 33. Nc3 f5 34.
Na4 Rg8 35. Rd6 Rh8 36. Nb2 Be7 37. Rd2 Bf6 38. Nd3 Ke7 39. Re2 Kf8 40. Bc1 Kf7
41. Bb2 Rd8 42. Bxf6 Kxf6 43. Ke3 Be8 44. Rd2 Rd4 45. Nf2 Rxd2 46. Kxd2 Ke6 47.
Nd3 Kd6 48. Ne5 Bh5 49. Ke3 Be8 50. Nf3 h3 51. gxh3 Bh5 52. Ne5 b5 53. Kd2 a5
54. Kc3 Be2 55. h4 Bh5 56. Nd3 Be2 57. Ne5 Bh5 58. Kd2 Kc7 59. Nd3 Kd6 60. Ke3
Bf7 61. Ne5 Bh5 62. Kd2 Kc7 63. Nd3 Kd6 64. Nf2 Ke6 65. Nh1 Kf6 66. Ng3 Kg6 67.
Kc3 Bd1 1/2-1/2

[Event "English Open Championship"]
[Site "Kenilworth"]
[Date "2023.05.26"]
[Round "2.8"]
[White "Hobson, Kenneth"]
[Black "Wadsworth, Matthew J"]
[Result "0-1"]
[WhiteElo "2104"]
[BlackElo "2428"]
[PlyCount "98"]
[EventDate "2023.05.26"]
[EventType "swiss"]
[EventRounds "7"]
[EventCountry "ENG"]
[SourceTitle "BritBase"]
[Source "John Saunders"]
[SourceDate "2023.05.30"]
[SourceVersion "1"]
[SourceVersionDate "2023.05.30"]
[SourceQuality "1"]

1. e4 e6 2. d4 d5 3. e5 c5 4. c3 Nc6 5. Nf3 Bd7 6. Bd3 cxd4 7. O-O dxc3 8. Nxc3
Nge7 9. Bg5 a6 10. Re1 h6 11. Be3 g5 12. h3 Bg7 13. Bc5 O-O 14. Rc1 Re8 15. Bb1
Ng6 16. Bxg6 fxg6 17. Qd3 Kh7 18. Qe3 Ne7 19. g4 Rf8 20. Ne2 Bb5 21. Ned4 Qd7
22. Rc2 Rf4 23. Qa3 Re8 24. Kg2 Nc6 25. Re3 Qf7 26. Nxc6 bxc6 27. Qc3 Rc4 28.
Qd2 Rxc5 29. Rxc5 Bf8 30. Rc1 c5 31. Rec3 c4 32. a3 Bc5 33. Nd4 Qa7 34. Nxb5
axb5 35. Rf3 Qb7 36. Kg3 Qc7 37. Re1 d4 38. Rf6 d3 39. f4 Be7 40. Rxe6 gxf4+
41. Kh2 Qd7 42. Rb6 Bc5 43. Rf6 Be3 44. Rxe3 fxe3 45. Qxe3 d2 46. Qe4 Rg8 47.
Qf3 d1=Q 48. Rf7+ Rg7 49. Rxg7+ Kxg7 0-1

[Event "English Open Championship"]
[Site "Kenilworth"]
[Date "2023.05.26"]
[Round "2.9"]
[White "Pert, Richard G"]
[Black "Payne, Matthew J"]
[Result "1-0"]
[WhiteElo "2412"]
[BlackElo "2153"]
[PlyCount "79"]
[EventDate "2023.05.26"]
[EventType "swiss"]
[EventRounds "7"]
[EventCountry "ENG"]
[SourceTitle "BritBase"]
[Source "John Saunders"]
[SourceDate "2023.05.30"]
[SourceVersion "1"]
[SourceVersionDate "2023.05.30"]
[SourceQuality "1"]

1. d4 Nf6 2. Bg5 e6 3. Nf3 d5 4. c4 Be7 5. Nc3 O-O 6. e3 b6 7. cxd5 exd5 8. Rc1
Bb7 9. Bd3 Ne4 10. Bxe7 Qxe7 11. Qb3 Nd7 12. Nxd5 Bxd5 13. Qxd5 Qb4+ 14. Kf1
Qxb2 15. Rc2 Qa1+ 16. Ne1 Ndf6 17. Qc6 Rae8 18. g3 Re6 19. Qxc7 Nd5 20. Rc1
Qxa2 21. Qc2 Qxc2 22. Rxc2 Rb8 23. Bxe4 Rxe4 24. Ke2 f6 25. Nd3 Kf7 26. Rb1 Rd8
27. Kd2 Rd6 28. Rc8 Re8 29. Rxe8 Kxe8 30. e4 Ne7 31. d5 g5 32. f3 h5 33. h3 Rd7
34. Ke3 Nc8 35. h4 gxh4 36. gxh4 Rg7 37. Nf4 Kf7 38. Rc1 Nd6 39. Nxh5 Rh7 40.
Rc7+ 1-0

[Event "English Open Championship"]
[Site "Kenilworth"]
[Date "2023.05.26"]
[Round "2.10"]
[White "Burrows, Martin P"]
[Black "Jackson, James P"]
[Result "1/2-1/2"]
[WhiteElo "2131"]
[BlackElo "2393"]
[PlyCount "104"]
[EventDate "2023.05.26"]
[EventType "swiss"]
[EventRounds "7"]
[EventCountry "ENG"]
[SourceTitle "BritBase"]
[Source "John Saunders"]
[SourceDate "2023.05.30"]
[SourceVersion "1"]
[SourceVersionDate "2023.05.30"]
[SourceQuality "1"]

1. e4 e5 2. Nf3 Nc6 3. Bb5 a6 4. Ba4 Nf6 5. O-O Be7 6. Re1 b5 7. Bb3 d6 8. c3
O-O 9. h3 Nb8 10. d4 Nbd7 11. Nbd2 c5 12. d5 Nb6 13. Nf1 Re8 14. Ng3 Bd7 15.
Bc2 a5 16. b3 a4 17. Bd2 Qc7 18. Qe2 c4 19. b4 a3 20. Nh2 Na4 21. Qf3 g6 22.
Bh6 Kh8 23. Ng4 Qd8 24. Nxf6 Bxf6 25. Qe3 Bg7 26. Bxg7+ Kxg7 27. Bxa4 Rxa4 28.
Rf1 Qf6 29. Rad1 Ra6 30. Ne2 Re7 31. Kh2 Qh4 32. f4 f5 33. exf5 exf4 34. Qd4+
Qf6 35. Nxf4 Qxd4 36. Rxd4 Bxf5 37. Ne6+ Bxe6 38. Re1 Rf7 39. dxe6 Re7 40. Rd5
Kf6 41. Rxb5 Rxe6 42. Rf1+ Kg7 43. Rb7+ Kg8 44. Rff7 Re3 45. Rg7+ Kh8 46. Rxh7+
Kg8 47. Rhc7 Ra8 48. Rxc4 Re2 49. Rg4 Rxa2 50. Rxg6+ Kh8 51. Rh6+ Kg8 52. Rg6+
Kh8 1/2-1/2

[Event "English Open Championship"]
[Site "Kenilworth"]
[Date "2023.05.26"]
[Round "2.11"]
[White "Eggleston, David J"]
[Black "Jakhria, Kushal"]
[Result "1-0"]
[WhiteElo "2353"]
[BlackElo "1815"]
[PlyCount "101"]
[EventDate "2023.05.26"]
[EventType "swiss"]
[EventRounds "7"]
[EventCountry "ENG"]
[SourceTitle "BritBase"]
[Source "John Saunders"]
[SourceDate "2023.05.30"]
[SourceVersion "1"]
[SourceVersionDate "2023.05.30"]
[SourceQuality "1"]

1. e4 c5 2. Nf3 Nc6 3. Bb5 g6 4. Bxc6 bxc6 5. O-O Bg7 6. Re1 Qc7 7. h3 d6 8. c3
Nf6 9. d3 O-O 10. Nbd2 Nd7 11. d4 cxd4 12. cxd4 c5 13. Qc2 Bb7 14. Nf1 Rac8 15.
d5 c4 16. Ng3 Nc5 17. Bd2 Nd3 18. Reb1 Nxb2 19. Bc3 Bxc3 20. Qxc3 Nd3 21. Nd4
Qd7 22. h4 Ba8 23. h5 Qg4 24. h6 Ne5 25. Qe3 Qh4 26. Nf3 Nxf3+ 27. gxf3 Qf6 28.
Rc1 Rc5 29. Rc3 Rb8 30. Rac1 Rbc8 31. f4 Qh4 32. f5 g5 33. f6 exf6 34. Nf5 Qg4+
35. Kf1 Kf8 36. Nxd6 R8c7 37. Rb1 Ke7 38. Nf5+ Kd7 39. Nd4 Bxd5 40. exd5 Rxd5
41. Ne2 Qf5 42. Rb8 Re5 43. Qd4+ Rd5 44. Qe3 Re5 45. Qf3 Qe6 46. Qa8 Qe7 47.
Rc2 Ke6 48. Nd4+ Kd7 49. Nf3 Re6 50. Rd2+ Rd6 51. Rd8+ 1-0

[Event "English Open Championship"]
[Site "Kenilworth"]
[Date "2023.05.26"]
[Round "2.12"]
[White "De Coverly, Roger D"]
[Black "Derakhshani, Borna"]
[Result "1/2-1/2"]
[WhiteElo "1945"]
[BlackElo "2359"]
[PlyCount "123"]
[EventDate "2023.05.26"]
[EventType "swiss"]
[EventRounds "7"]
[EventCountry "ENG"]
[SourceTitle "BritBase"]
[Source "John Saunders"]
[SourceDate "2023.05.30"]
[SourceVersion "1"]
[SourceVersionDate "2023.05.30"]
[SourceQuality "1"]

1. Nf3 Nf6 2. g3 c5 3. Bg2 Nc6 4. O-O e5 5. d3 d5 6. e4 Be7 7. exd5 Nxd5 8. Re1
f6 9. Nc3 Be6 10. Nh4 Qd7 11. Nxd5 Bxd5 12. Bxd5 Qxd5 13. Nf5 g6 14. Nxe7 Nxe7
15. f4 exf4 16. Bxf4 Kf7 17. Qe2 Rhe8 18. Qg2 Qd7 19. Qf2 Qc6 20. Rf1 Nf5 21.
c3 Rad8 22. Rad1 Rd7 23. g4 Ng7 24. d4 cxd4 25. cxd4 Re4 26. h3 Kg8 27. Be5 Rf7
28. d5 Qa6 29. Bc3 Qd6 30. a3 b6 31. Qf3 Re8 32. Bb4 Qd7 33. d6 Ne6 34. Qd5 g5
35. Qf5 Nf4 36. Qxd7 Rxd7 37. Rf3 a5 38. Be1 Re6 39. Bg3 Ne2+ 40. Kh2 Nxg3 41.
Kxg3 Rdxd6 42. Rxd6 Rxd6 43. Rb3 Kf7 44. h4 a4 45. Rc3 gxh4+ 46. Kxh4 Kg6 47.
Rc4 b5 48. Rb4 Rd5 49. b3 axb3 50. Rxb3 h5 51. gxh5+ Rxh5+ 52. Kg3 Rc5 53. Rb4
Kg5 54. a4 Rc3+ 55. Kf2 bxa4 56. Rxa4 f5 57. Rb4 Ra3 58. Rc4 Ra5 59. Kf3 Rb5
60. Ra4 Rc5 61. Rb4 f4 62. Rb3 1/2-1/2